| Поле | Инд. | ПП | Название | Значение |
|---|---|---|---|---|
| Тип записи | a | |||
| Библиографический уровень | b | |||
| 001 | Контрольный номер | RU/IS/BASE/375447101 | ||
| 005 | Дата корректировки | 20200522191507.4 | ||
| 008 | Кодируемые данные | 20111124 | ||
| 084 | a | Индекс другой классификации/Индекс ББК | 60.8в631 | |
| 100 | 1_ | a | Автор | Божья-Воля А. А. |
| q | Полное имя | Божья-Воля Анастасия Александровна | ||
| 245 | a | Заглавие | Организация оценки результативности деятельности российских госслужащих с учетом особенностей административной модели | |
| 500 | a | Примечание | Аннотация статьи на английском языке: с. 184 - 185 | |
| 504 | a | Библиография | Лит. - Примеч. | |
| 520 | a | Аннотация | Предлагается подход к организации процесса планирования, отслеживания и контроля результативности госслужащих в России, основанный на использовании опыта стран со схожей практикой государственного управления. | |
| 650 | a | Основная рубрика | социальное управление | |
| 653 | a | Ключевые слова | Австралия | |
| a | Ключевые слова | административное управление | ||
| a | Ключевые слова | Бельгия | ||
| a | Ключевые слова | Бразилия | ||
| a | Ключевые слова | Великобритания | ||
| a | Ключевые слова | Германия | ||
| a | Ключевые слова | государственная служба | ||
| a | Ключевые слова | государственное управление | ||
| a | Ключевые слова | государственные служащие | ||
| a | Ключевые слова | государственные услуги | ||
| a | Ключевые слова | исполнительная власть | ||
| a | Ключевые слова | Канада | ||
| a | Ключевые слова | контроль результативности | ||
| a | Ключевые слова | Корея | ||
| a | Ключевые слова | модели государственного управления | ||
| a | Ключевые слова | модели управления | ||
| a | Ключевые слова | мониторинг результативности | ||
| a | Ключевые слова | Нидерланды | ||
| a | Ключевые слова | Новая Зеландия | ||
| a | Ключевые слова | оплата по результатам | ||
| a | Ключевые слова | оценка результативности | ||
| a | Ключевые слова | планирование результатов | ||
| a | Ключевые слова | Россия | ||
| a | Ключевые слова | руководящие сотрудники | ||
| a | Ключевые слова | стимулирование результативности | ||
| a | Ключевые слова | США | ||
| a | Ключевые слова | управление результативностью | ||
| a | Ключевые слова | функции управленния | ||
| a | Ключевые слова | Франция | ||
| a | Ключевые слова | эффективность государственных органов | ||
| a | Ключевые слова | эффективность государственных служащих | ||
| a | Ключевые слова | эффективность управления | ||
| 773 | t | Заглавие источника | Вопросы государственного и муниципального управления | |
| d | Дата издания источника | 2011 | ||
| g | Прочая информация | № 3. - С. 62 - 73 : табл., схем. | ||
| w | Контрольный № источника | RU/IS/BASE/374262434 | ||
| 901 | t | Тип документа | b |